Shortest Total Borders Quiz Stats

 Plays Quiz Updated Dec 6, 2018

Support Sporcle.
Go Orange.
Score 0/26 Timer 06:00
5 Plays Today
Rank Country % Correct
1Vatican City
93.6%
2Monaco
84.7%
6Andorra
82.1%
3San Marino
80.8%
10Luxembourg
79.7%
5Liechtenstein
79.3%
11Haiti
71.8%
11Dominican Republic
68.8%
20Panama
67.4%
11Ireland
66.6%
7Denmark
66.1%
9South Korea
63.1%
16Belize
62.8%
Rank Country % Correct
11United Kingdom
59.9%
4Qatar
59.7%
17Eswatini
56.6%
12Brunei
56%
14Kuwait
54.2%
19El Salvador
54.1%
15Palestine
51%
8Timor-Leste
48.7%
16Djibouti
48.6%
13Lebanon
42%
22Estonia
41.4%
18Equatorial Guinea
37.9%
21Montenegro
34.5%

From the Vault

This, That, and the Other

by PhilSandifer

This quiz is a little bit of this, a little bit of that, and some of the other...that should make more sense after you play it.
Remove Ads.
Support Sporcle.
Get the best of Sporcle when you Go Orange. This ad-free experience offers more features, more stats, and more fun while also helping to support Sporcle. Thank you for becoming a member.

Show Comments

Extras

Top Quizzes Today


Score Distribution

Your Account Isn't Verified!

In order to create a playlist on Sporcle, you need to verify the email address you used during registration. Go to your Sporcle Settings to finish the process.

Report this User

Report this user for behavior that violates our Community Guidelines.

Details: